Visualizzazione normale
Vista MARC
- Riva Letizia
di Personal Name
Records bibliografici associati: 1
001 - CONTROL NUMBER
- control field: 61473
003 - CONTROL NUMBER IDENTIFIER
- control field:
005 - DATE AND TIME OF LATEST TRANSACTION
- control field: 20250205130137.0
008 - FIXED-LENGTH DATA ELEMENTS
- fixed length control field: 250205|| aca||aabn | a|a d
040 ## - CATALOGING SOURCE
- Original cataloging agency:
- Transcribing agency:
100 ## - HEADING--PERSONAL NAME
- Personal name: Riva Letizia
670 ## - SOURCE DATA FOUND
- Source citation: Work cat.: ()224730: Riva Letizia, Verso la coniugalità, 2013